محاضرات وخطب وخواطر
محفوظ في:
المؤلف الرئيسي:
التنسيق: كتاب
اللغة: Undetermined
منشور في:
Miṣr
Matbaeat misr sharikat musahimat misria
1922-1957
الوسوم: إضافة وسم
لا توجد وسوم, كن أول من يضع وسما على هذه التسجيلة!
رقم الطلب: N33 ISLA
| LEADER | 00392nam a2200121Ia 4500 | ||
|---|---|---|---|
| 008 | 240404s9999||||xx |||||||||||||| ||und|| | ||
| 050 | 4 | |a N33 ISLA | |
| 100 | 1 | |a على اسلام باشا. | |
| 245 | 1 | 0 | |a محاضرات وخطب وخواطر |c على اسلام باشا |
| 264 | 1 | |a Miṣr |b Matbaeat misr sharikat musahimat misria |c 1922-1957 | |
| 300 | |a 31,33,21,32,30 |c 20 | ||
| 942 | |2 lcc |c BK | ||
| 999 | |c 58088 |d 58088 | ||
